[Event "Balatonalmadi Pannonia Cup 27th"]
[Site "Balatonalmadi"]
[Date "2019.07.27"]
[Round "6"]
[White "Forgacs, Attila Jr"]
[Black "Meixner, Ferenc"]
[Result "0-1"]
[WhiteElo "2094"]
[BlackElo "2028"]
[PlyCount "84"]
[EventDate "2019.07.24"]
[EventType "swiss"]
[EventRounds "7"]
[EventCountry "HUN"]
[SourceTitle "CBM 191 Extra"]
[Source "ChessBase"]
[SourceDate "2019.09.30"]
[SourceVersion "1"]
[SourceVersionDate "2019.09.30"]
[SourceQuality "1"]

1. e4 c5 2. Nf3 e6 3. d4 cxd4 4. Nxd4 Nf6 5. Nc3 Nc6 6. Ndb5 d6 7. Bf4 e5 8. Bg5 a6 9. Na3 b5 10. Nd5 Qa5+ 11. Bd2 Qd8 12. c4 Ne7 13. Nxf6+ gxf6 14. cxb5 f5 15. Bb4 fxe4 16. Qxd6 Qxd6 17. Bxd6 Nd5 18. Bxf8 Rxf8 19. 0-0-0 Nb4 20. Kb1 Ke7 21. Bc4 axb5 22. Bxb5 Be6 23. Bc4 Rfb8 24. Bxe6 Kxe6 25. Rd2 f5 26. Rhd1 f4 27. g4 Nd3 28. Nc4 Ra4 29. Rc2 Nxf2 30. Rd6+ Ke7 31. Rh6 Nxg4 32. Rxh7+ Kf6 33. h3 Nf2 34. Nb6 Rxb6 35. Rh6+ Kf5 36. Rxb6 e3 37. Rb3 Nxh3 38. Kc1 Rxa2 39. Kd1 Ra1+ 40. Ke2 Ng1+ 41. Kd3 Rd1+ 42. Kc3 e2 0-1

[Event "Balatonalmadi Pannonia Cup 27th"]
[Site "Balatonalmadi"]
[Date "2019.07.26"]
[Round "4"]
[White "Geher, Koppany"]
[Black "Meixner, Ferenc"]
[Result "1-0"]
[WhiteElo "2211"]
[BlackElo "2028"]
[PlyCount "128"]
[EventDate "2019.07.24"]
[EventType "swiss"]
[EventRounds "7"]
[EventCountry "HUN"]
[SourceTitle "CBM 191 Extra"]
[Source "ChessBase"]
[SourceDate "2019.09.30"]
[SourceVersion "1"]
[SourceVersionDate "2019.09.30"]
[SourceQuality "1"]

1. e4 c5 2. Nf3 e6 3. d4 cxd4 4. Nxd4 Nf6 5. Nc3 Nc6 6. Ndb5 d6 7. Bf4 e5 8. Bg5 a6 9. Na3 b5 10. Nd5 Qa5+ 11. Bd2 Qd8 12. c4 Nxd5 13. exd5 Nb8 14. cxb5 Be7 15. Qb3 0-0 16. Bc4 Nd7 17. 0-0 f5 18. f4 e4 19. Be3 Bf6 20. Kh1 h5 21. Be2 axb5 22. Nxb5 Ba6 23. a4 h4 24. Rfc1 g5 25. Rf1 Qe7 26. Qb4 gxf4 27. Bxf4 Be5 28. Qd2 Nc5 29. Ra3 Rf7 30. b4 Nd3 31. Bxd3 exd3 32. Rxd3 Bxf4 33. Qxf4 Qe4 34. Rd4 Qe2 35. Rd2 Qe5 36. h3 Bxb5 37. axb5 Rb8 38. Qxe5 dxe5 39. d6 Kf8 40. d7 Ke7 41. Rfd1 Kd8 42. Rd5 e4 43. Kg1 Rb7 44. Kf2 f4 45. R1d4 f3 46. Rxe4 fxg2+ 47. Kxg2 Rfxd7 48. Rxd7+ Kxd7 49. Rxh4 Rxb5 50. Re4 Rg5+ 51. Kf3 Rg8 52. h4 Kd6 53. h5 Rg5 54. Rh4 Rg7 55. h6 Rh7 56. Kf4 Ke6 57. Kg5 Kf7 58. Rc4 Rh8 59. Rc7+ Ke6 60. h7 Rb8 61. Kg6 Ra8 62. Kg7 Kd6 63. Rb7 Ra1 64. h8Q Rg1+ 1-0

[Event "HUN-chT2 Breyer 1819"]
[Site "Hungary"]
[Date "2019.04.28"]
[Round "9.3"]
[White "Laszlo, Csaba"]
[Black "Meixner, Ferenc"]
[Result "0-1"]
[WhiteElo "1741"]
[BlackElo "2051"]
[PlyCount "74"]
[EventDate "2018.10.28"]
[EventType "team-tourn"]
[EventRounds "9"]
[EventCountry "HUN"]
[SourceTitle "EXT 2021"]
[Source "ChessBase"]
[SourceDate "2020.10.23"]
[SourceVersion "1"]
[SourceVersionDate "2020.10.23"]
[SourceQuality "1"]
[WhiteTeam "Budapest HASE"]
[BlackTeam "Nyergesujfalu"]
[WhiteTeamCountry "HUN"]
[BlackTeamCountry "HUN"]

1. e4 c5 2. Nf3 e6 3. d4 cxd4 4. Nxd4 Nf6 5. Nc3 Nc6 6. Be3 Bb4 7. Bd3 e5 8. Nb3 d5 9. exd5 Nxd5 10. Bd2 Nxc3 11. Bxc3 Bxc3+ 12. bxc3 0-0 13. 0-0 Re8 14. Re1 Be6 15. Be4 Qc7 16. Qf3 Rad8 17. Rad1 Rxd1 18. Rxd1 Rd8 19. a4 g6 20. Nc5 Rxd1+ 21. Qxd1 Bc8 22. h3 Na5 23. Qd5 b6 24. Nd3 Bb7 25. Qb5 Bxe4 26. Nxe5 Bc6 27. Nxc6 Qxc6 28. Qa6 Qxc3 29. Qxa7 Qe1+ 30. Kh2 Qxf2 31. c3 h5 32. Qc7 Qc5 33. Qa7 Nc4 34. Qa6 Qe5+ 35. Kg1 Qxc3 36. Qb5 Qe1+ 37. Kh2 Qe5+ 0-1

[Event "HUN-chT2 Breyer 1819"]
[Site "Hungary"]
[Date "2019.01.27"]
[Round "4.2"]
[White "Somogyi, Istvan"]
[Black "Meixner, Ferenc"]
[Result "1-0"]
[WhiteElo "2153"]
[BlackElo "2051"]
[PlyCount "47"]
[EventDate "2018.10.28"]
[EventType "team-tourn"]
[EventRounds "9"]
[EventCountry "HUN"]
[SourceTitle "CBM 189 Extra"]
[Source "ChessBase"]
[SourceDate "2019.06.03"]
[SourceVersion "1"]
[SourceVersionDate "2019.06.03"]
[SourceQuality "1"]
[WhiteTeam "Vizugy"]
[BlackTeam "Nyergesujfalu"]
[WhiteTeamCountry "HUN"]
[BlackTeamCountry "HUN"]

1. d4 Nf6 2. c4 c5 3. e3 Nc6 4. Nf3 e6 5. Nc3 d5 6. a3 a6 7. Bd3 dxc4 8. Bxc4 b5 9. Ba2 b4 10. axb4 cxb4 11. Na4 Bd6 12. e4 b3 13. Bxb3 Bb4+ 14. Bd2 Nxe4 15. Bxb4 Nxb4 16. 0-0 0-0 17. Qe1 Ng5 18. Nxg5 a5 19. Qe4 Qxg5 20. Qxa8 Nd5 21. Qxa5 Bb7 22. f4 Qg4 23. Bxd5 Bxd5 24. Qd2 1-0

[Event "HUN-chT2 Breyer 1718"]
[Site "Hungary"]
[Date "2017.11.26"]
[Round "4.3"]
[White "Szabo, Kristof"]
[Black "Meixner, Ferenc"]
[Result "0-1"]
[WhiteElo "2118"]
[BlackElo "2099"]
[PlyCount "106"]
[EventDate "2017.09.24"]
[EventType "team-tourn"]
[EventRounds "11"]
[EventCountry "HUN"]
[SourceTitle "EXT 2021"]
[Source "ChessBase"]
[SourceDate "2020.10.23"]
[SourceVersion "1"]
[SourceVersionDate "2020.10.23"]
[SourceQuality "1"]
[WhiteTeam "Szekesfehervar"]
[BlackTeam "Nyergesujfalu"]
[WhiteTeamCountry "HUN"]
[BlackTeamCountry "HUN"]

1. d4 Nf6 2. Nc3 c5 3. d5 d6 4. g3 Na6 5. Bg2 Nc7 6. a4 a6 7. e4 Rb8 8. Nge2 b5 9. axb5 axb5 10. Qd3 g6 11. 0-0 Bg7 12. h3 0-0 13. Be3 b4 14. Na4 Nd7 15. f4 Ba6 16. Qd2 Bb5 17. c3 Ra8 18. b3 bxc3 19. Qc2 Na6 20. e5 Nb4 21. Qd1 dxe5 22. fxe5 Bxe5 23. Rc1 c2 24. Qd2 Bxa4 25. bxa4 Rxa4 26. Bh6 Bg7 27. Bxg7 Kxg7 28. Rf4 Qa5 29. Rh4 Nf6 30. Qh6+ Kg8 31. g4 Ra1 32. g5 Rxc1+ 33. Nxc1 Nbxd5 34. gxf6 Qe1+ 35. Kh2 Nxf6 36. Nd3 Qa1 37. Qd2 Qd1 38. Qe3 Qxd3 39. Qxd3 c1Q 40. Rc4 Qg5 41. h4 Qe5+ 42. Kg1 Rb8 43. Qc2 Rb2 44. Qc1 Re2 45. Qf4 Re1+ 46. Kh2 Ng4+ 47. Kg3 Re3+ 48. Bf3 h5 49. Ra4 Rc3 50. Re4 Qxf4+ 51. Kxf4 e5+ 52. Kg5 Rxf3 53. Rf4 Nh2 0-1

[Event "HUN-chT2 Breyer 1617"]
[Site "Hungary"]
[Date "2016.11.13"]
[Round "2.3"]
[White "Kovacs, David"]
[Black "Meixner, Ferenc"]
[Result "1-0"]
[WhiteElo "2197"]
[BlackElo "2066"]
[PlyCount "65"]
[EventDate "2016.10.30"]
[EventType "team-tourn"]
[EventRounds "9"]
[EventCountry "HUN"]
[SourceTitle "EXT 2021"]
[Source "ChessBase"]
[SourceDate "2020.10.23"]
[SourceVersion "1"]
[SourceVersionDate "2020.10.23"]
[SourceQuality "1"]
[WhiteTeam "Naszaly Geniusz Tata"]
[BlackTeam "Nyergesujfalu"]
[WhiteTeamCountry "HUN"]
[BlackTeamCountry "HUN"]

1. e4 c5 2. Nf3 e6 3. d4 cxd4 4. Nxd4 Nf6 5. Nc3 Nc6 6. Nxc6 bxc6 7. e5 Nd5 8. Ne4 Qc7 9. f4 Qb6 10. c4 Bb4+ 11. Ke2 f5 12. exf6 Nxf6 13. Be3 Qa5 14. Nxf6+ gxf6 15. Kf2 h5 16. Qc2 Kf7 17. c5 Qd8 18. Rd1 Ba5 19. Bc4 Qf8 20. f5 Bc7 21. Rd2 Kg7 22. Rhd1 Qe8 23. Ba6 exf5 24. Bxc8 Qxc8 25. Rxd7+ Kg6 26. Qc4 Rf8 27. Qe6 Rb8 28. Qe7 Rxb2+ 29. Kf3 f4 30. Qh7+ Kg5 31. Rg7+ Kh4 32. g3+ fxg3 33. Rd4+ 1-0

[Event "HUN-chT2 Breyer 1516"]
[Site "Hungary"]
[Date "2016.02.28"]
[Round "8.2"]
[White "Meixner, Ferenc"]
[Black "Horeczky, Tibor"]
[Result "0-1"]
[WhiteElo "2005"]
[BlackElo "2187"]
[PlyCount "60"]
[EventDate "2015.09.13"]
[EventType "team-tourn"]
[EventRounds "11"]
[EventCountry "HUN"]
[SourceTitle "EXT 2017"]
[Source "ChessBase"]
[SourceDate "2016.10.25"]
[SourceVersion "1"]
[SourceVersionDate "2016.10.25"]
[SourceQuality "1"]
[WhiteTeam "Turul"]
[BlackTeam "Szazhalombatta"]
[WhiteTeamCountry "HUN"]
[BlackTeamCountry "HUN"]

1. e4 g6 2. d4 Bg7 3. Nf3 c5 4. Nc3 cxd4 5. Nxd4 Nc6 6. Be3 Nf6 7. Nxc6 bxc6 8. e5 Ng8 9. f4 f6 10. f5 fxe5 11. fxg6 Nf6 12. gxh7 d5 13. Qd2 d4 14. Bh6 dxc3 15. Qxd8+ Kxd8 16. Bxg7 Rxh7 17. Rd1+ Kc7 18. Bxf6 exf6 19. b3 Bf5 20. Bd3 e4 21. Be2 Rg8 22. Rf1 Rxg2 23. Rxf5 Rhxh2 24. Bc4 Rxc2 25. Rxf6 Rxa2 26. Re6 c2 27. Rc1 Rb2 28. Rxe4 Rb1 29. Re2 Rxc1+ 30. Kd2 Re1 0-1

[Event "HUN-chT2 Breyer 1516"]
[Site "Hungary"]
[Date "2016.02.14"]
[Round "7.3"]
[White "Meixner, Ferenc"]
[Black "Demeter, Tamas"]
[Result "1-0"]
[WhiteElo "2005"]
[BlackElo "2074"]
[PlyCount "81"]
[EventDate "2015.09.13"]
[EventType "team-tourn"]
[EventRounds "11"]
[EventCountry "HUN"]
[SourceTitle "EXT 2017"]
[Source "ChessBase"]
[SourceDate "2016.10.25"]
[SourceVersion "1"]
[SourceVersionDate "2016.10.25"]
[SourceQuality "1"]
[WhiteTeam "Turul"]
[BlackTeam "Gyor UDSE"]
[WhiteTeamCountry "HUN"]
[BlackTeamCountry "HUN"]

1. e4 d5 2. exd5 Qxd5 3. Nc3 Qd8 4. Nf3 c6 5. d4 Bf5 6. Bd3 Bxd3 7. Qxd3 Nf6 8. Bf4 e6 9. 0-0 Bd6 10. Bxd6 Qxd6 11. Ne5 Nbd7 12. f4 0-0 13. g4 c5 14. g5 Nxe5 15. dxe5 Qxd3 16. cxd3 Nd5 17. Ne4 b6 18. Nd6 Rad8 19. Rf3 Ne7 20. d4 cxd4 21. Rd3 Nf5 22. Nxf5 exf5 23. Rad1 Rd5 24. Rxd4 Ra5 25. a4 b5 26. b3 g6 27. Rd5 a6 28. Rc1 Kg7 29. Rc7 h6 30. e6 hxg5 31. e7 Re8 32. Rd8 Rxe7 33. Rxe7 bxa4 34. bxa4 Rxa4 35. fxg5 Rg4+ 36. Kf2 Rxg5 37. Rdd7 Rg4 38. Rxf7+ Kh6 39. Rd6 Ra4 40. Rff6 Ra2+ 41. Ke3 1-0

[Event "HUN-chT2 Breyer 1516"]
[Site "Hungary"]
[Date "2015.10.04"]
[Round "2.2"]
[White "Meixner, Ferenc"]
[Black "Koczo, Kristof"]
[Result "0-1"]
[WhiteElo "2014"]
[BlackElo "2165"]
[PlyCount "76"]
[EventDate "2015.09.13"]
[EventType "team-tourn"]
[EventRounds "11"]
[EventCountry "HUN"]
[SourceTitle "CBM 170 Extra"]
[Source "ChessBase"]
[SourceDate "2016.02.25"]
[SourceVersion "1"]
[SourceVersionDate "2016.02.25"]
[SourceQuality "1"]
[WhiteTeam "Turul"]
[BlackTeam "Kobanya Aquarena"]
[WhiteTeamCountry "HUN"]
[BlackTeamCountry "HUN"]

1. e4 c6 2. Nc3 d5 3. Qf3 Nf6 4. e5 Nfd7 5. Qg3 e6 6. d4 c5 7. Bg5 Qb6 8. 0-0-0 cxd4 9. Nb5 Nc6 10. Nf3 d3 11. Bxd3 Nb4 12. Nc3 d4 13. Nxd4 Qxd4 14. Bb5 Qb6 15. Rd2 Nxa2+ 16. Nxa2 Qxb5 17. Nc3 Qa5 18. Kb1 h6 19. Bf4 g5 20. Be3 Bb4 21. Rhd1 Bxc3 22. bxc3 Qb5+ 23. Kc1 a5 24. Rd4 a4 25. f4 a3 26. Rb4 Qc6 27. Bd4 Qa6 28. Kd2 b5 29. fxg5 hxg5 30. h3 Rg8 31. Qf2 Bb7 32. Rf1 0-0-0 33. Ra1 Nxe5 34. Kc1 Nc4 35. Qxf7 Rgf8 36. Rxc4+ bxc4 37. Qe7 Rf1+ 38. Kd2 Rxa1 0-1

[Event "Budapest FS05 FM-A"]
[Site "Budapest"]
[Date "2015.05.09"]
[Round "7"]
[White "Meixner, Ferenc"]
[Black "Terbe, Zsuzsanna"]
[Result "1/2-1/2"]
[WhiteElo "2042"]
[BlackElo "2123"]
[PlyCount "155"]
[EventDate "2015.05.02"]
[EventType "tourn"]
[EventRounds "9"]
[EventCountry "HUN"]
[SourceTitle "CBM 166 Extra"]
[Source "ChessBase"]
[SourceDate "2015.06.18"]
[SourceVersion "1"]
[SourceVersionDate "2015.06.18"]
[SourceQuality "1"]

1. Nf3 d5 2. c4 c6 3. cxd5 cxd5 4. d4 Nf6 5. Nc3 Nc6 6. Bf4 Ne4 7. e3 Nxc3 8. bxc3 g6 9. Bd3 Bg7 10. 0-0 0-0 11. Rc1 b6 12. Re1 Bb7 13. e4 dxe4 14. Bxe4 Rc8 15. Qe2 e6 16. h4 h5 17. Qe3 Qd7 18. c4 Rfe8 19. Ne5 Nxe5 20. Bxb7 Qxb7 21. Bxe5 Qe7 22. g3 Qb4 23. c5 Bxe5 24. Qxe5 Red8 25. cxb6 Rxc1 26. Rxc1 axb6 27. Rd1 Rd5 28. Qe4 b5 29. Qe2 Rxd4 30. Rxd4 Qxd4 31. Qxb5 Qa1+ 32. Kg2 Qxa2 33. Qb8+ Kh7 34. Qf4 Qd5+ 35. Kg1 Qf5 36. Qc1 e5 37. Qc3 Kg7 38. Kg2 Qe6 39. Qc5 Qf6 40. Qe3 Qc6+ 41. Kg1 Qd5 42. Qc1 Qd4 43. Qg5 Qd1+ 44. Kg2 Qe1 45. Qe7 Qe4+ 46. Kg1 Qf5 47. Kg2 e4 48. Kg1 Qd5 49. Qa7 Qd3 50. Qe7 Qd4 51. Kg2 Qd5 52. Kg1 Qf5 53. Kg2 Qe6 54. Qc5 Qf6 55. Qe3 Qe7 56. Qd4+ f6 57. Qb6 Kh7 58. Qd4 Kh6 59. Qe3+ Kg7 60. Qd4 Qb7 61. Qe3 Kh7 62. Kg1 Qe7 63. Kg2 g5 64. hxg5 fxg5 65. Kg1 Qe5 66. Kg2 Kg6 67. Qb6+ Kf5 68. Qe3 Qd5 69. Kg1 Qd1+ 70. Kg2 Qc2 71. Qa7 Qc6 72. Qe3 Qb5 73. Qa7 Qc4 74. Qh7+ Kf6 75. Qh6+ Kf5 76. Qxh5 Qd5 77. Qh7+ Kf6 78. Qh6+ 1/2-1/2

[Event "Budapest FS05 FM-A"]
[Site "Budapest"]
[Date "2015.05.06"]
[Round "5"]
[White "Meixner, Ferenc"]
[Black "Tugstumur, Yesuntumur"]
[Result "0-1"]
[WhiteElo "2042"]
[BlackElo "1804"]
[PlyCount "49"]
[EventDate "2015.05.02"]
[EventType "tourn"]
[EventRounds "9"]
[EventCountry "HUN"]
[SourceTitle "CBM 166 Extra"]
[Source "ChessBase"]
[SourceDate "2015.06.18"]
[SourceVersion "1"]
[SourceVersionDate "2015.06.18"]
[SourceQuality "1"]

1. e4 c5 2. Nf3 d6 3. b4 cxb4 4. d4 Nf6 5. Bd3 g6 6. Nbd2 Bg7 7. Rb1 0-0 8. Rxb4 Nc6 9. Rb1 d5 10. e5 Nh5 11. 0-0 f6 12. Re1 fxe5 13. dxe5 Nf4 14. Bf1 Qc7 15. c4 Bf5 16. Rb3 Nxe5 17. Nxe5 Bxe5 18. Nf3 Bg4 19. Bxf4 Bxf4 20. Qxd5+ e6 21. Qxb7 Qa5 22. Qe7 Rae8 23. Qa3 Qc7 24. h3 Bd6 25. c5 0-1

[Event "HUN-chT2 Breyer 1415"]
[Site "Hungary"]
[Date "2014.11.16"]
[Round "?"]
[White "Csavajda, Peter"]
[Black "Meixner, Ferenc"]
[Result "1/2-1/2"]
[WhiteElo "1982"]
[BlackElo "2131"]
[PlyCount "45"]
[EventDate "2014.09.07"]
[EventType "team-tourn"]
[EventRounds "11"]
[EventCountry "HUN"]
[SourceTitle "EXT 2016"]
[Source "ChessBase"]
[SourceDate "2015.10.08"]
[SourceVersion "1"]
[SourceVersionDate "2015.10.08"]
[SourceQuality "1"]
[WhiteTeam "Szechenyi"]
[BlackTeam "Turul"]
[WhiteTeamCountry "HUN"]
[BlackTeamCountry "HUN"]

1. e4 c5 2. c3 e6 3. d4 d5 4. exd5 exd5 5. Nf3 Nc6 6. Be2 Bd6 7. dxc5 Bxc5 8. 0-0 Nge7 9. Nbd2 0-0 10. Nb3 Bd6 11. Nbd4 Re8 12. Qc2 Bg4 13. Be3 Nxd4 14. Nxd4 Bxe2 15. Qxe2 Qd7 16. Qf3 Nc6 17. Qf5 Rad8 18. Qxd7 Rxd7 19. Rfe1 Bf8 20. Rad1 f6 21. Kf1 Kf7 22. h3 h5 23. Nb3 1/2-1/2

[Event "HUN-chT2 Breyer 1415"]
[Site "Hungary"]
[Date "2014.09.21"]
[Round "?"]
[White "Juhasz, Mark"]
[Black "Meixner, Ferenc"]
[Result "0-1"]
[WhiteElo "2194"]
[BlackElo "2131"]
[PlyCount "116"]
[EventDate "2014.09.07"]
[EventType "team-tourn"]
[EventRounds "11"]
[EventCountry "HUN"]
[SourceTitle "EXT 2016"]
[Source "ChessBase"]
[SourceDate "2015.10.08"]
[SourceVersion "1"]
[SourceVersionDate "2015.10.08"]
[SourceQuality "1"]
[WhiteTeam "Zsambek"]
[BlackTeam "Turul"]
[WhiteTeamCountry "HUN"]
[BlackTeamCountry "HUN"]

1. Nf3 Nf6 2. c4 c6 3. g3 d5 4. Bg2 Bf5 5. Qb3 Qb6 6. Qxb6 axb6 7. cxd5 Bxb1 8. Rxb1 cxd5 9. a3 Nc6 10. b4 e6 11. 0-0 Be7 12. Bb2 0-0 13. Rfc1 Rfc8 14. Rc2 Ne4 15. Rbc1 Bf6 16. Bxf6 Nxf6 17. Nd4 Na7 18. d3 Kf8 19. Kf1 Ke7 20. e3 Kd7 21. Ke2 Nc6 22. Nb5 g5 23. e4 h5 24. h3 h4 25. Ke3 dxe4 26. dxe4 e5 27. Bf3 hxg3 28. fxg3 Rh8 29. Bg2 Ke7 30. Rc3 Rad8 31. Nc7 Nd4 32. a4 Rd7 33. a5 bxa5 34. bxa5 Nc6 35. a6 Rxc7 36. axb7 Rxb7 37. Rxc6 Rb2 38. Rc7+ Nd7 39. Bf1 Rhb8 40. Bc4 R8b7 41. Rxb7 Rxb7 42. Rf1 f6 43. h4 Rc7 44. Bd3 gxh4 45. gxh4 Rc3 46. Kd2 Ra3 47. Rh1 Nc5 48. Bc2 Ne6 49. h5 Ng5 50. h6 Ra8 51. Bb3 Nxe4+ 52. Ke3 Ng3 53. Rh3 Ra3 54. Kd2 Rxb3 55. Kc2 Rb8 56. Rxg3 f5 57. Rg6 Rd8 58. Rb6 Rh8 0-1

[Event "HUN-chT2 Breyer 1213"]
[Site "Hungary"]
[Date "2012.11.04"]
[Round "3.1"]
[White "Pribek, Laszlo"]
[Black "Meixner, Ferenc"]
[Result "0-1"]
[WhiteElo "2174"]
[BlackElo "2028"]
[PlyCount "80"]
[EventDate "2012.09.16"]
[EventType "team-tourn"]
[EventRounds "11"]
[EventCountry "HUN"]
[SourceTitle "EXT 2014"]
[Source "ChessBase"]
[SourceDate "2013.11.20"]
[SourceVersion "1"]
[SourceVersionDate "2013.11.20"]
[SourceQuality "1"]
[WhiteTeam "MAV Elore"]
[BlackTeam "Zoltek"]
[WhiteTeamCountry "HUN"]
[BlackTeamCountry "HUN"]

1. e4 c5 2. Nf3 e6 3. c4 d6 4. d4 cxd4 5. Nxd4 Nf6 6. Nc3 Nc6 7. Be3 a6 8. Be2 Be7 9. 0-0 Qc7 10. Nxc6 bxc6 11. Rc1 0-0 12. f4 Nd7 13. g4 Re8 14. g5 Bf8 15. Qe1 Bb7 16. Qg3 Qa5 17. Bg4 Rad8 18. Qf2 d5 19. cxd5 exd5 20. Bxd7 Rxd7 21. Bb6 Qb4 22. a3 Qb3 23. exd5 c5 24. Bxc5 Rxd5 25. Bxf8 Rxf8 26. Rcd1 Rxd1 27. Rxd1 f6 28. h4 fxg5 29. hxg5 Qe6 30. Rd4 h6 31. gxh6 Qxh6 32. Kf1 Re8 33. Ne2 Qh3+ 34. Ke1 Bf3 35. Rd2 Qh1+ 36. Qf1 Qh4+ 37. Qf2 Qxf4 38. Kd1 Bxe2+ 39. Rxe2 Rd8+ 40. Kc2 Qc4+ 0-1

[Event "HUN-chT2 Breyer 1112"]
[Site "Hungary"]
[Date "2011.10.30"]
[Round "2.3"]
[White "Kovacs, David"]
[Black "Meixner, Ferenc"]
[Result "1-0"]
[WhiteElo "2159"]
[BlackElo "2072"]
[PlyCount "107"]
[EventDate "2011.09.25"]
[EventType "team-tourn"]
[EventRounds "11"]
[EventCountry "HUN"]
[SourceTitle "EXT 2013"]
[Source "ChessBase"]
[SourceDate "2012.11.22"]
[SourceVersion "1"]
[SourceVersionDate "2012.11.22"]
[SourceQuality "1"]
[WhiteTeam "Geniusz Tata"]
[BlackTeam "Zoltek"]
[WhiteTeamCountry "HUN"]
[BlackTeamCountry "HUN"]

1. e4 c5 2. Nf3 e6 3. d4 cxd4 4. Nxd4 Nf6 5. Bd3 Nc6 6. Nxc6 dxc6 7. Nd2 e5 8. 0-0 Bc5 9. Qf3 0-0 10. a4 Be6 11. Nc4 b5 12. axb5 cxb5 13. Ne3 Qb6 14. Nf5 Bxf5 15. Qxf5 Rad8 16. Bd2 Rd6 17. Kh1 Nd7 18. f4 f6 19. Rf3 Qc6 20. Raf1 Bd4 21. Bb4 Bc5 22. Bc3 g6 23. Qh3 Bd4 24. Bxd4 Rxd4 25. c3 Rd6 26. Qh6 exf4 27. Rh3 Rf7 28. Qxf4 Ne5 29. Bc2 Qc4 30. Re1 a5 31. b3 Qe6 32. Ra1 Rfd7 33. Rf1 Rd2 34. Bb1 Qxb3 35. Re3 Rd1 36. Ree1 Qxb1 37. Qxf6 Rf7 38. Rxd1 Rxf6 39. Rd8+ Kg7 40. Rxb1 Rb6 41. Rd5 Ng4 42. Rdxb5 Re6 43. Rb7+ Kg8 44. Ra7 Re8 45. Kg1 Nf6 46. e5 Nd5 47. Rbb7 a4 48. Rg7+ Kh8 49. Rxh7+ Kg8 50. Rag7+ Kf8 51. Rh8+ Kxg7 52. Rxe8 a3 53. Ra8 Nxc3 54. Rxa3 1-0

[Event "HUN-chT2 Breyer 1011"]
[Site "Hungary"]
[Date "2011.05.01"]
[Round "10.3"]
[White "Varga, Vilmos"]
[Black "Meixner, Ferenc"]
[Result "1-0"]
[WhiteElo "2115"]
[BlackElo "2087"]
[PlyCount "141"]
[EventDate "2010.09.12"]
[EventType "team-tourn"]
[EventRounds "11"]
[EventCountry "HUN"]
[SourceTitle "EXT 2012"]
[Source "ChessBase"]
[SourceDate "2011.11.24"]
[SourceVersion "1"]
[SourceVersionDate "2011.11.24"]
[SourceQuality "1"]
[WhiteTeam "Zsambek"]
[BlackTeam "Zoltek"]
[WhiteTeamCountry "HUN"]
[BlackTeamCountry "HUN"]

1. e4 c5 2. Nf3 e6 3. d4 cxd4 4. Nxd4 Nf6 5. Nc3 Nc6 6. Ndb5 d6 7. Bf4 e5 8. Bg5 a6 9. Na3 b5 10. Nd5 Qa5+ 11. Bd2 Qd8 12. Bg5 Qa5+ 13. Bd2 Qd8 14. Nxf6+ gxf6 15. Qh5 Be6 16. c4 bxc4 17. Nxc4 d5 18. exd5 Qxd5 19. Nb6 Qe4+ 20. Qe2 Qxe2+ 21. Bxe2 Rb8 22. Na4 Nd4 23. Bd3 Bd7 24. Nc3 Rxb2 25. Nd5 Bc6 26. Bc3 Bxd5 27. Bxb2 Bxg2 28. Bxd4 Bxh1 29. Be3 Bd5 30. Bxa6 Bb4+ 31. Ke2 Ke7 32. a4 Ra8 33. Bb5 f5 34. Bb6 Ba5 35. Bxa5 Rxa5 36. Kd3 f4 37. Kc3 Ra7 38. Kb4 Rc7 39. a5 Rc2 40. a6 Rxf2 41. a7 Ba8 42. Rd1 f3 43. Rd7+ Ke6 44. Rd8 Be4 45. Bc4+ Kf5 46. Rd5 Rb2+ 47. Ka3 Rb1 48. a8Q Ra1+ 49. Ba2 f2 50. Rxe5+ Kxe5 51. Qh8+ f6 52. Qb8+ Kf5 53. Qc8+ Kg5 54. Qg8+ Kh6 55. Qf8+ Kh5 56. Qc5+ f5 57. Qxf2 Bb1 58. Qf3+ Kg6 59. Kb2 Rxa2+ 60. Kxb1 Ra6 61. Kb2 Re6 62. Kc3 Re4 63. Kd3 h5 64. Qg3+ Rg4 65. Qd6+ Kg5 66. Qe7+ Kg6 67. h4 Rg3+ 68. Ke2 f4 69. Qe6+ Kg7 70. Qe5+ Kh7 71. Qxh5+ 1-0

[Event "HUN-chT2 Breyer 1011"]
[Site "Hungary"]
[Date "2011.03.27"]
[Round "7.2"]
[White "Rosta, Sandor"]
[Black "Meixner, Ferenc"]
[Result "1-0"]
[WhiteElo "2137"]
[BlackElo "2087"]
[PlyCount "101"]
[EventDate "2010.09.12"]
[EventType "team-tourn"]
[EventRounds "11"]
[EventCountry "HUN"]
[SourceTitle "EXT 2012"]
[Source "ChessBase"]
[SourceDate "2011.11.24"]
[SourceVersion "1"]
[SourceVersionDate "2011.11.24"]
[SourceQuality "1"]
[WhiteTeam "Szazhalombatta"]
[BlackTeam "Zoltek"]
[WhiteTeamCountry "HUN"]
[BlackTeamCountry "HUN"]

1. e4 c5 2. c3 g6 3. d4 cxd4 4. cxd4 d5 5. exd5 Nf6 6. Nc3 Bg7 7. Nf3 0-0 8. Bc4 Nbd7 9. d6 exd6 10. 0-0 Nb6 11. Bb3 Bf5 12. Re1 Re8 13. Bf4 Ne4 14. Nxe4 Bxe4 15. Bxf7+ Kxf7 16. Ng5+ Kg8 17. Rxe4 Qf6 18. Qe2 Rxe4 19. Qxe4 d5 20. Qe6+ Qxe6 21. Nxe6 Re8 22. Nxg7 Kxg7 23. Kf1 Nc4 24. b3 Na5 25. Be5+ Kf7 26. Rc1 Nc6 27. f4 h5 28. a3 a6 29. Kf2 Re7 30. b4 Ke6 31. Kf3 Rh7 32. g3 Rd7 33. h3 Rh7 34. Rc5 Rf7 35. b5 axb5 36. Rxb5 Rh7 37. Rb6 Rf7 38. g4 Rd7 39. Kg3 hxg4 40. Kxg4 Ke7 41. h4 Ke6 42. Kg5 Kf7 43. f5 gxf5 44. Kxf5 Re7 45. h5 Re6 46. Rxb7+ Ne7+ 47. Kg5 Ra6 48. h6 Rg6+ 49. Kh5 Rg1 50. Bd6 Rh1+ 51. Kg4 1-0

[Event "Budapest Spring op 27th"]
[Site "Budapest"]
[Date "2011.03.23"]
[Round "7"]
[White "Grimm, Daniel"]
[Black "Meixner, Ferenc"]
[Result "1/2-1/2"]
[WhiteElo "1997"]
[BlackElo "2072"]
[PlyCount "68"]
[EventDate "2011.03.18"]
[EventType "swiss"]
[EventRounds "9"]
[EventCountry "HUN"]
[SourceTitle "CBM 141 Extra"]
[Source "ChessBase"]
[SourceDate "2011.05.03"]
[SourceVersion "1"]
[SourceVersionDate "2011.05.03"]
[SourceQuality "1"]

1. e4 c5 2. Nf3 e6 3. d4 cxd4 4. Nxd4 Nf6 5. Bd3 Nc6 6. Nb3 Bb4+ 7. Bd2 Be7 8. Nc3 d5 9. Qe2 d4 10. Nd1 e5 11. 0-0 0-0 12. h3 Be6 13. f4 Rc8 14. f5 Bxb3 15. axb3 h6 16. Nf2 Nd7 17. Ng4 Bg5 18. Be1 Nf6 19. h4 Nxg4 20. Qxg4 Be3+ 21. Kh1 Qf6 22. Bc4 b6 23. Qg6 a5 24. Qxf6 gxf6 25. g3 Rfd8 26. Bd3 Ra8 27. Kg2 Rdc8 28. Kf3 Kf8 29. Ke2 Ke7 30. Bb5 Kd6 31. Bc4 Nd8 32. Kd3 Nb7 33. b4 Ke7 34. Bd5 Rab8 1/2-1/2